000
00369nam a2200133Ia 4500
008
231129s2004||||xx |||||||||||||| ||spa||
020
_a
958-33-5952-1
082
_a
ER- 364
100
_a
Jaramillo de Olarte Lucía
245
0
_a
Cuaderno de notas
260
_c
2004
264
_a
Pereira: Gráficas Buda 2004
942
_2
ddc
_c
BKS
999
_c
8349
_d
8349